Wordt geladen...

കഥകളി തെക്കന്‍ചിട്ട - ആട്ടപ്രകാരം /

Bibliografische gegevens
Hoofdauteur: രാജശേഖരന്‍
Andere auteurs: Rajasekharan
Formaat: Printed Book
Taal:English
Gepubliceerd in: തൃശൂര്‍ : കേരള കലാമണ്ഡലം, 2015.
Editie:1st ed.
Onderwerpen:
LEADER 01029nam a22002177a 4500
008 181024b xxu||||| |||| 00| 0 eng d
999 |c 24928  |d 24928 
020 |a 9788190922159 
020 |a 9788190922142 
082 |a 793.321  |b RAJ 
100 |a രാജശേഖരന്‍ 
240 |a Kathakali thekkan chitta - aattaprakaram 
245 |a കഥകളി തെക്കന്‍ചിട്ട - ആട്ടപ്രകാരം /  |c രാജശേഖരന്‍ 
250 |a 1st ed. 
260 |a തൃശൂര്‍ :  |b കേരള കലാമണ്ഡലം,  |c 2015. 
300 |a 2v. 
650 |a കഥകളി 
700 |a Rajasekharan 
942 |2 ddc  |c BK 
952 |0 0  |1 0  |2 ddc  |4 0  |6 793_321000000000000_RAJ  |7 0  |9 34103  |a MAIN  |b MAIN  |d 2018-10-24  |e National Book Stall  |g 650.00  |h Vol. 1  |l 1  |o 793.321 RAJ  |p 33282  |r 2019-04-06  |s 2019-03-08  |t 1  |w 2018-10-24  |y BK 
952 |0 0  |1 0  |2 ddc  |4 0  |6 793_321000000000000_RAJ  |7 0  |9 34104  |a MAIN  |b MAIN  |d 2018-10-24  |e National Book Stall  |g 650.00  |h VOl. 2  |o 793.321 RAJ  |p 33283  |r 2018-10-24  |t 1  |w 2018-10-24  |y BK